Abeceda společenského chování

Saved in:
Bibliographic Details
Main Author: Smejkal, Vladimír
Format: Book
Language:Czech
Published: Praha Horizont 1989
Edition:1. vyd.
Tags: Add Tag
No Tags, Be the first to tag this record!

MARC

LEADER 00000nam a2200000 4500
001 c028932
005 20221215115123.0
041 0 |a cze 
044 |a CZ 
245 1 0 |a Abeceda společenského chování  |c Vladimír Smejkal 
250 |a 1. vyd. 
264 1 |a Praha  |b Horizont  |c 1989 
300 |a 207 s. 
100 1 |a Smejkal, Vladimír